<?xml version="1.0" encoding="UTF-8"?>
<record
    xmlns:xsi="http://www.w3.org/2001/XMLSchema-instance"
    xsi:schemaLocation="http://www.loc.gov/MARC21/slim http://www.loc.gov/standards/marcxml/schema/MARC21slim.xsd"
    xmlns="http://www.loc.gov/MARC21/slim">

  <leader>00422    a2200145   4500</leader>
  <controlfield tag="005">20250529152554.0</controlfield>
  <datafield tag="020" ind1=" " ind2=" ">
    <subfield code="a">9976 63 346 7</subfield>
  </datafield>
  <datafield tag="082" ind1=" " ind2=" ">
    <subfield code="a">425 MAH</subfield>
  </datafield>
  <datafield tag="100" ind1=" " ind2=" ">
    <subfield code="a">MAHUNDU, C. M.</subfield>
  </datafield>
  <datafield tag="245" ind1=" " ind2=" ">
    <subfield code="a">Handbook for Basic English Course : Introduction to English Grammar Syntax and Composition.</subfield>
  </datafield>
  <datafield tag="250" ind1=" " ind2=" ">
    <subfield code="a">3rd Ed</subfield>
  </datafield>
  <datafield tag="260" ind1=" " ind2=" ">
    <subfield code="a">Tanzania,</subfield>
    <subfield code="b">Peramiho,</subfield>
    <subfield code="c">1999.</subfield>
  </datafield>
  <datafield tag="300" ind1=" " ind2=" ">
    <subfield code="a">viii, 143p.: ill.; table</subfield>
    <subfield code="b">Index</subfield>
    <subfield code="c">20cm.</subfield>
  </datafield>
  <datafield tag="942" ind1=" " ind2=" ">
    <subfield code="2">ddc</subfield>
    <subfield code="c">BKS</subfield>
  </datafield>
  <datafield tag="999" ind1=" " ind2=" ">
    <subfield code="c">2855</subfield>
    <subfield code="d">2855</subfield>
  </datafield>
  <datafield tag="952" ind1=" " ind2=" ">
    <subfield code="r">2025-05-29 15:27:55</subfield>
    <subfield code="l">0</subfield>
    <subfield code="o">425 MAH</subfield>
    <subfield code="p">0000008773</subfield>
    <subfield code="v">30000.00</subfield>
    <subfield code="w">2025-05-29</subfield>
    <subfield code="y">BKS</subfield>
    <subfield code="1">0</subfield>
    <subfield code="2">ddc</subfield>
    <subfield code="4">0</subfield>
    <subfield code="7">0</subfield>
    <subfield code="0">0</subfield>
    <subfield code="a">CBEML</subfield>
    <subfield code="b">CBEML</subfield>
    <subfield code="c">SPECIAL</subfield>
    <subfield code="d">2000-05-09</subfield>
    <subfield code="g">10000.00</subfield>
  </datafield>
  <datafield tag="952" ind1=" " ind2=" ">
    <subfield code="r">2025-05-29 15:27:55</subfield>
    <subfield code="l">0</subfield>
    <subfield code="o">425 MAH</subfield>
    <subfield code="p">0000008774</subfield>
    <subfield code="v">30000.00</subfield>
    <subfield code="w">2025-05-29</subfield>
    <subfield code="y">BKS</subfield>
    <subfield code="1">0</subfield>
    <subfield code="2">ddc</subfield>
    <subfield code="4">0</subfield>
    <subfield code="7">0</subfield>
    <subfield code="0">0</subfield>
    <subfield code="a">CBEML</subfield>
    <subfield code="b">CBEML</subfield>
    <subfield code="c">SPECIAL</subfield>
    <subfield code="d">2000-05-09</subfield>
    <subfield code="g">10000.00</subfield>
  </datafield>
  <datafield tag="952" ind1=" " ind2=" ">
    <subfield code="r">2025-05-29 15:27:55</subfield>
    <subfield code="l">0</subfield>
    <subfield code="o">425 MAH</subfield>
    <subfield code="p">0000008775</subfield>
    <subfield code="v">30000.00</subfield>
    <subfield code="w">2025-05-29</subfield>
    <subfield code="y">BKS</subfield>
    <subfield code="1">0</subfield>
    <subfield code="2">ddc</subfield>
    <subfield code="4">0</subfield>
    <subfield code="7">0</subfield>
    <subfield code="0">0</subfield>
    <subfield code="a">CBEML</subfield>
    <subfield code="b">CBEML</subfield>
    <subfield code="c">SPECIAL</subfield>
    <subfield code="d">2000-05-09</subfield>
    <subfield code="g">10000.00</subfield>
  </datafield>
  <datafield tag="952" ind1=" " ind2=" ">
    <subfield code="r">2025-05-29 15:27:55</subfield>
    <subfield code="l">0</subfield>
    <subfield code="o">425 MAH</subfield>
    <subfield code="p">0000008776</subfield>
    <subfield code="v">30000.00</subfield>
    <subfield code="w">2025-05-29</subfield>
    <subfield code="y">BKS</subfield>
    <subfield code="1">0</subfield>
    <subfield code="2">ddc</subfield>
    <subfield code="4">0</subfield>
    <subfield code="7">0</subfield>
    <subfield code="0">0</subfield>
    <subfield code="a">CBEML</subfield>
    <subfield code="b">CBEML</subfield>
    <subfield code="c">SPECIAL</subfield>
    <subfield code="d">2000-05-09</subfield>
    <subfield code="g">10000.00</subfield>
  </datafield>
</record>
